000
00271nam a2200121Ia 4500
005
20251222141847.0
008
251222s9999||||xx |||||||||||||| ||spa||
082
_a
838.94/M22C
100
_a
"Mann, Thomas"
245
0
_a
Carlota en Weimar
250
_a
2a.ed.
942
_c
LIB
999
_c
7596
_d
7596